Catálogo
 En Linea

Los kurakas : (Registro nro. 36716)

Detalles MARC
000 -CABECERA
campo de control de longitud fija 00661nam a2200181 a 4500
001 - NÚMERO DE CONTROL
campo de control 000037226
005 - FECHA Y HORA DE LA ÚLTIMA TRANSACCIÓN
campo de control 20200930080225.0
008 - DATOS DE LONGITUD FIJA--INFORMACIÓN GENERAL
campo de control de longitud fija 120309s2006 sp 000 0 spa d
020 ## - NÚMERO INTERNACIONAL ESTÁNDAR DEL LIBRO
Número Internacional Estándar del Libro 139788498440003
040 ## - FUENTE DE LA CATALOGACIÓN
Centro catalogador/agencia de origen DO-SdBNP
Lengua de catalogación spa
Centro/agencia transcriptor BNPHU
100 1# - ENTRADA PRINCIPAL--NOMBRE DE PERSONA
Nombre de persona Tarragó, Rafael E.
9 (RLIN) 63639
245 14 - MENCIÓN DE TÍTULO
Título Los kurakas :
Resto del título una bibliografía anotada (1609-2005) de fuentes impresas sobre los señores andinos en Perú y alto Perú entre 1533 y 1825 /
Mención de responsabilidad, etc. Rafael E. Tarrago.
260 ## - PUBLICACIÓN, DISTRIBUCIÓN, ETC.
Lugar de publicación, distribución, etc. Madrid :
Nombre del editor, distribuidor, etc. Instituto de Cultura,
Fecha de publicación, distribución, etc. 2006.
300 ## - DESCRIPCIÓN FÍSICA
Extensión 68 p.
490 1# - MENCIÓN DE SERIE
Mención de serie Documentos Tavera
Designación de volumen o secuencia no. 21
500 ## - NOTA GENERAL
Nota general Incluye índice onomástico
830 #0 - PUNTO DE ACCESO ADICIONAL DE SERIE-TÍTULO UNIFORME
Título uniforme Documentos Tavera
Número de parte o sección de la obra no. 21
9 (RLIN) 63640
Existencias
Estado de retiro Estado de pérdida Restricciones de uso No para préstamo Código de colección Localización permanente Ubicación/localización actual Ubicación en estantería Fecha de adquisición Número de inventario Total de préstamos Signatura topográfica completa Código de barras Fecha visto por última vez Precio válido a partir de Tipo de ítem Koha
    Préstamo interno   Monografías: Libros y Folletos General General Depósito 09.03.2012 LF1   37226-10 25.06.2020 25.06.2020 Préstamo interno

Con tecnología Koha